| 000 | 00407cam a22001097a 4500 | ||
|---|---|---|---|
| 008 | 180718b1971 xxu||||| |||| 00| 0 eng d | ||
| 082 | _aP422x41 Un3p/1971 | ||
| 245 |
_aPrimary Education Organisation for development: a progress report _cby Scottish Education Department |
||
| 260 |
_aEdinburgh _bHer Majesty's Stationery Office _c1971 |
||
| 300 | _a24p. | ||
| 700 | _aUnited Kingtom. Scottish Education Department | ||
| 999 |
_c494635 _d494635 |
||